000 01159nam0a22002651 4500
001 rc\3042824
005 20260406140934.0
035 _a(NLR Aleph) 007217154
090 _a7686165
_c7686165
100 _a20080317d1935 |||y0rusy50 ca
101 0 _arus
102 _aRU
105 _ay z ||||y
200 1 _aУриэль Акоста
_eТрагедия в 4 актах
_e[К постановке]
_fК. Гуцков
210 _a[Сталинград]
_cБ. и.
_d[1935]
_gтипо-литогр. изд-ва "Сталингр. правда"
215 _a[11] с.
_d21х13 см
604 _150010$aУриэль Акоста$2nlr_sh1
_1700#1$aГуцков$bК.$gКарл$f1811-1878$4070
_tУриэль Акоста
_aГуцков, Карл (1811-1878)
605 _aˆ"‰Уриэль Акоста", пьеса
702 1 _4570
_8rus
_7ca
_aГуцков
_bК.
_f1811-1878
_gКарл
_3RU\NLR\auth\7752969
_935902
710 0 2 _aВолгоградский драматический театр им. Горького
_3RU\NLR\AUTH\889919999
_9336241
801 0 _aRU
_bNLR
_gpsbo
801 1 _aRU
_bELAR
_2rusmarc
852 _aNLR
_j35-10/2583
942 _cBOOK
980 _aNB